00247nam a22000977a 450000500170000000800410001702000150005804000080007324500270008126000410010820200826114504.0200826b ||||| |||| 00| 0 eng d a0395445817 cCML aSpelling.cMifflin, H. aU.S.AbHoughton Mifflin Compayc1988